00696nab a2200181uuc4500001000800000005001700008008004100025035001200066035002100078040001300099041000800112100004300120245014100163650001800304650002400322650002300346773014500369115647120240614085740.0090724e20090401 spa  a1156471 a(OCoLC)820488905 ccomduadb aspa10aIglesias Rodriguez, Débora4auteaut13aLa invisible factoría de carbono en los océanos. Algas microscópicas calcificadoras mantienen las reservas de carbono de la tierra aAlgas marinas aCarbonato de calcio 7aFitoplancton2lemb0 tInvestigación y Ciencia. Edición Española de Scientific American (Barcelona)gNúmero 391, Abril 2009, p. 14-15w5406z0210136X03445